[Event "FRA-chT2 1011"]
[Site "France"]
[Date "2010.11.14"]
[Round "3.6"]
[White "Lingelser, Alain"]
[Black "Lumsdon, Andrew"]
[Result "0-1"]
[WhiteElo "1920"]
[BlackElo "2066"]
[PlyCount "69"]
[EventDate "2010.10.17"]
[EventType "team-tourn"]
[EventRounds "11"]
[EventCountry "FRA"]
[SourceTitle "EXT 2012"]
[Source "ChessBase"]
[SourceDate "2011.11.24"]
[SourceVersion "1"]
[SourceVersionDate "2011.11.24"]
[SourceQuality "1"]

1. e4 c6 2. d4 d5 3. e5 Bf5 4. Ne2 e6 5. Ng3 Bg6 6. h4 h6 7. Bd3 Bxd3 8. Qxd3 Nd7 9. Nd2 Ne7 10. c4 c5 11. 0-0 cxd4 12. f4 Nc5 13. Qf3 Nc6 14. b4 Nxb4 15. f5 Qd7 16. fxe6 Qxe6 17. a3 Nbd3 18. cxd5 Qg6 19. h5 Nxe5 20. hxg6 Nxf3+ 21. Nxf3 fxg6 22. Re1+ Be7 23. Nxd4 Rd8 24. Nb5 Kf7 25. d6 Bf6 26. Ra2 a6 27. Nc7 Rxd6 28. Bf4 Rd7 29. Rc2 Nd3 30. Rf1 Rc8 31. Rd2 Kg8 32. Nxa6 bxa6 33. Bxh6 Bd4+ 34. Kh2 gxh6 35. Rfd1 0-1